000 00493nam a2200181Ia 4500
003 GCL
008 140319s9999 xx 000 0 ara d
040 _aGCL /
_cGCL
082 0 4 _a974.7
_bه ن
100 1 _aهشام الحديدى
245 1 0 _aنيويورك اول مرة /
_cهشام الحديدى
300 _a247
490 _a100 قصة
_v0
650 0 4 _aتاريخ
650 0 4 _aالولايات المتحدة الامريكية
650 0 4 _aنيويورك
942 _2ddc
_cBK
999 _c44051
_d44051